Практическая грамматика английского языка: Упражнения и комментарии; учебное пособие

Бібліографічні деталі
Автор: Гуревич В. В. Валерий Владимирович
Мова:Російська
Англійська
Опубліковано: Москва, Флинта, 2003
Предмети:
Формат: Книга
KOHA link:https://koha.lib.tpu.ru/cgi-bin/koha/opac-detail.pl?biblionumber=59470

MARC

LEADER 00000nam0a2200000 4500
001 59470
005 20231031060310.0
010 |a 5893494644 
010 |a 5-02-002934-3 
035 |a (RuTPU)RU\TPU\book\62863 
090 |a 59470 
100 |a 20031229d2003 m y0rusy50 ca 
101 0 |a rus  |a eng 
102 |a RU 
105 |a y j 000zy 
200 1 |a Практическая грамматика английского языка  |e Упражнения и комментарии  |e учебное пособие  |f В. В. Гуревич 
210 |a Москва  |c Флинта  |c Наука  |d 2003 
215 |a 293 с. 
610 1 |a английский язык 
610 1 |a грамматика 
610 1 |a морфология 
610 1 |a синтаксис 
610 1 |a упражнения 
610 1 |a учебные пособия 
686 |a Ш143.21-923.2  |v LBC/SL-A  |2 rubbk 
700 1 |a Гуревич  |b В. В.  |g Валерий Владимирович 
801 1 |a RU  |b 63413507  |c 20031229  |g PSBO 
801 2 |a RU  |b 63413507  |c 20121112  |g PSBO 
942 |c BK